Jornada sobre la gestió de les obres municipals : situació actual i perspectives de futur situació actual i perspectives de futur

Descripció física: 1 dossier contenint tres ponències ; 30 cm

MARC

LEADER 00000nam a2200000Ia 4500
001 14930
008 160829s9999 xx 000 0 cat d
080 |a FOL-2-55 
245 |a Jornada sobre la gestió de les obres municipals :  |b  situació actual i perspectives de futur 
260 |a [Barcelona] :  |b Diputació de Barcelona, Àrea de Cooperació [i] Servei d'Acció Local, [1991] 
300 |a 1 dossier contenint tres ponències ;  |c 30 cm 
590 |a Conté les següents ponències: La planificació de les obres municipals; El projecte : qualitat de construcció i de projecte : funcions i fases; La gestió de les obres 
650 |a Obres públiques  |x Congressos  |9 21911 
710 1 |a Barcelona (Catalunya : Província).  |b Àrea de Cooperació  |9 54368 
710 1 |a Barcelona (Catalunya : Província).  |b Servei d'Acció Local  |9 55536 
901 |a Arxiu 
942 |n 1 
952 |0 0  |1 0  |4 0  |6 FOL255  |7 1  |9 41927  |a Arxiu  |b Arxiu  |d 2016-12-01  |l 0  |o FOL-2-55  |p 14930  |r 2016-12-01 00:00:00  |w 2016-12-01  |y ARXIU 
999 |c 44374  |d 44374